Пертоминский архив. Описание рукописей Спасо-Преображенского Пертоминского монастыря, хранящихся в Музее Соловецкого общества краеведения XVII - XVIII вв. // Вып. XV (Запись № 10008215)
[ простой вид ]
| 000 -МАРКЕР | |
|---|---|
| контрольное поле | 01526nas2a2200301 4500 |
| 001 - ИДЕНТИФИКАТОР ЗАПИСИ | |
| контрольное поле | RU\NLR\DIGIT\65778 |
| 005 - ИДЕНТИФИКАТОР ВЕРСИИ | |
| контрольное поле | 20240725000348.0 |
| 035 ## - ДРУГИЕ СИСТЕМНЫЕ НОМЕРА | |
| Идентификатор записи | (NLR Aleph) 010123655 |
| 100 ## - ДАННЫЕ ОБЩЕЙ ОБРАБОТКИ | |
| Данные общей обработки | 20070222d1927 m y0rusy50 ca |
| 101 ## - ЯЗЫК РЕСУРСА | |
| Язык текста, звукозаписи и т.д. | русский |
| 102 ## - СТРАНА ПУБЛИКАЦИИ ИЛИ ПРОИЗВОДСТВА | |
| Страна публикации | Российская Федерация |
| 135 ## - ПОЛЕ КОДИРОВАННЫХ ДАННЫХ: ЭЛЕКТРОННЫЕ РЕСУРСЫ | |
| Кодированные данные для электронного ресурса | como mmmapabr |
| 200 1# - ЗАГЛАВИЕ И СВЕДЕНИЯ ОБ ОТВЕТСТВЕННОСТИ | |
| Основное заглавие | Пертоминский архив. Описание рукописей Спасо-Преображенского Пертоминского монастыря, хранящихся в Музее Соловецкого общества краеведения XVII - XVIII вв. |
| Первые сведения об ответственности | Приклонской А. |
| 210 ## - ПУБЛИКАЦИЯ, РАСПРОСТРАНЕНИЕ И ДР. | |
| Место издания, распространения и т.д. | О. Соловки |
| Имя издателя, распространителя и т. д. | Бюро печати УСЛОН |
| Дата издания, распространения и т.д. | 1927 |
| 215 ## - ФИЗИЧЕСКАЯ ХАРАКТЕРИСТИКА | |
| Специфическое обозначение материала и объем | 307, [6] с. |
| Размеры | 26х18 |
| 225 ## - СЕРИЯ | |
| Основное заглавие серии | Соловецкое общество краеведения. Материалы |
| 325 ## - ПРИМЕЧАНИЕ О КОПИИ | |
| Текст примечания | Копия доступна в Электрон. б-ке РНБ http://vivaldi.nlr.ru/bx000001490/view |
| 461 #0 - УРОВЕНЬ НАБОРА | |
| Встроенное поле | 200##$aМатериалы$fСоловецкое общество краеведения |
| Заглавие | Материалы |
| 463 #0 - УРОВЕНЬ ФИЗИЧЕСКОЙ ЕДИНИЦЫ | |
| Встроенное поле | 200##$aВып. XV |
| -- | 210##$d1927 |
| Заглавие | Вып. XV |
| 610 1# - НЕКОНТРОЛИРУЕМЫЕ ПРЕДМЕТНЫЕ ТЕРМИНЫ | |
| Предметный термин | Соловки |
| 702 #1 - ИМЯ ЛИЦА - ВТОРИЧНАЯ ОТВЕТСТВЕННОСТЬ | |
| Начальный элемент ввода | Приклонской |
| Часть имени, кроме начального элемента ввода | А. |
| Код отношения | Составитель |
| 801 #2 - ИСТОЧНИК ЗАПИСИ | |
| Страна | Российская Федерация |
| Организация | NLR |
| Дата составления | 20070626 |
| Источник данных | rusmarc |
| 852 ## - МЕСТОНАХОЖДЕНИЕ И ШИФР ХРАНЕНИЯ | |
| Идентификатор организации | NLR |
| Шифр хранения (Call Number) | 42/171/15 |
| 942 ## - ДОПОЛНИТЕЛЬНЫЕ ЭЛЕМЕНТЫ ЗАПИСИ (АБИС) | |
| Тип экземпляра АБИС | Продолжающееся издание |
| 981 22 - КОЛЛЕКЦИЯ ЭЛЕКТРОННОЙ БИБЛИОТЕКИ | |
| Название коллекции | Материалы по истории России |
| Название подколлекции | 2. История России до 25 октября (7 ноября) 1917 года |
Нет доступных экземпляров.